<?xml version="1.0" encoding="UTF-8"?>
<record
    xmlns:xsi="http://www.w3.org/2001/XMLSchema-instance"
    xsi:schemaLocation="http://www.loc.gov/MARC21/slim http://www.loc.gov/standards/marcxml/schema/MARC21slim.xsd"
    xmlns="http://www.loc.gov/MARC21/slim">

  <leader>01820naa a2200241 i 4500</leader>
  <controlfield tag="001">BPP</controlfield>
  <controlfield tag="003">BPK</controlfield>
  <controlfield tag="005">20180425125355.0</controlfield>
  <controlfield tag="008">141018s2012    pl     f     |100 0 pol</controlfield>
  <datafield tag="040" ind1=" " ind2=" ">
    <subfield code="c">BPK</subfield>
  </datafield>
  <datafield tag="080" ind1=" " ind2=" ">
    <subfield code="a">621.01</subfield>
  </datafield>
  <datafield tag="100" ind1=" " ind2=" ">
    <subfield code="a">FLIGIEL, Marek.</subfield>
    <subfield code="d">1996 - .</subfield>
    <subfield code="b">Politechnika Koszali&#x144;ska - Wydzia&#x142; Mechaniczny,</subfield>
    <subfield code="c">Katedra Mechaniki Technicznej i Wytrzyma&#x142;o&#x15B;ci Materia&#x142;&#xF3;w</subfield>
  </datafield>
  <datafield tag="245" ind1=" " ind2=" ">
    <subfield code="a">Kszta&#x142;towanie optymalnej konstrukcji no&#x15B;nej w dwuwymiarowym stanie obci&#x105;&#x17C;enia = Formation of the most optimal supporting construction in a two-dimensional state of load /</subfield>
    <subfield code="c">Marek Fligiel.</subfield>
  </datafield>
  <datafield tag="260" ind1=" " ind2=" ">
    <subfield code="c">2012.</subfield>
  </datafield>
  <datafield tag="500" ind1=" " ind2=" ">
    <subfield code="a">Dane z autopsji.</subfield>
  </datafield>
  <datafield tag="520" ind1=" " ind2=" ">
    <subfield code="a">W pracy rozpatruje si&#x119; poszukiwanie najwygodniejszej konstrukcji no&#x15B;nej. Zdefiniowano poj&#x119;cie najwygodniejszej konstrukcji no&#x15B;nej. Rozpatrywane s&#x105; dwa kryteria optymalnego kszta&#x142;towania najwygodniejszej konstrukcji no&#x15B;nej. Pierwsze kryterium, najwi&#x119;kszej sztywno&#x15B;ci konstrukcji, jest spe&#x142;nione, gdy warto&#x15B;&#x107; jednostkowej potencjalnej energii deformacji w ca&#x142;ej jej obj&#x119;to&#x15B;ci jest taka sama. Drugie kryterium jest d&#x142;ugo&#x15B;ci&#x105; dzia&#x142;ania si&#x142; wewn&#x119;trznych konstrukcji no&#x15B;nej.</subfield>
  </datafield>
  <datafield tag="650" ind1=" " ind2="0">
    <subfield code="a">Konstrukcje budowlane.</subfield>
  </datafield>
  <datafield tag="655" ind1=" " ind2="0">
    <subfield code="a">Materia&#x142;y konferencyjne.</subfield>
  </datafield>
  <datafield tag="711" ind1=" " ind2=" ">
    <subfield code="a">Og&#xF3;lnopolska Konferencja Naukowo-Dydaktyczna Teorii Mechanizm&#xF3;w, Maszyn i Uk&#x142;ad&#xF3;w Mechatronicznych</subfield>
    <subfield code="n">(23  ;</subfield>
    <subfield code="d">2012 ;</subfield>
    <subfield code="c">Koszalin / Ko&#x142;obrzeg, Polska).</subfield>
  </datafield>
  <datafield tag="711" ind1=" " ind2=" ">
    <subfield code="a">Og&#xF3;lnopolska Konferencja Naukowo-Dydaktyczna Teorii Mechanizm&#xF3;w, Maszyn i Uk&#x142;ad&#xF3;w Mechatronicznych</subfield>
    <subfield code="n">(23  ;</subfield>
    <subfield code="d">2012 ;</subfield>
    <subfield code="c">Koszalin / Ko&#x142;obrzeg, Polska).</subfield>
  </datafield>
  <datafield tag="773" ind1=" " ind2=" ">
    <subfield code="i">W :</subfield>
    <subfield code="t">XXIII Og&#xF3;lnopolska i III Mi&#x119;dzynarodowa Konferencja Naukowo-Dydaktyczna. Teorii Mechanizm&#xF3;w, Maszyn i Uk&#x142;ad&#xF3;w Mechatronicznych : materia&#x142;y konferencyjne. -</subfield>
    <subfield code="d">Koszalin-Ko&#x142;obrzeg 2012. -</subfield>
    <subfield code="g">s. 29</subfield>
  </datafield>
  <datafield tag="942" ind1=" " ind2=" ">
    <subfield code="c">ART</subfield>
    <subfield code="2">UKD</subfield>
  </datafield>
  <datafield tag="999" ind1=" " ind2=" ">
    <subfield code="c">6366</subfield>
    <subfield code="d">6366</subfield>
  </datafield>
  <datafield tag="952" ind1=" " ind2=" ">
    <subfield code="0">0</subfield>
    <subfield code="1">0</subfield>
    <subfield code="4">0</subfield>
    <subfield code="7">0</subfield>
    <subfield code="a">BPK</subfield>
    <subfield code="b">BPK</subfield>
    <subfield code="o">101777</subfield>
    <subfield code="y">ART</subfield>
  </datafield>
</record>
